000 00508nam a2200241Ia 4500
003 IT-RoPAU
008 120407s9999 xx 000 0 und d
040 _aIT-RoPAU
040 _cIT-RoPAU
041 _aita
100 _aGeorges Lefebvre
100 _cdom
245 _aPreghiera pura e purezza di cuore.
250 _aRoma
260 _aEdizioni Paoline
260 _c1962
300 _a149 p.
300 _c18 cm
490 _aOrientamenti
490 _v19
942 _cBK
999 _c25985
_d25985